Le Développement social de l'enfant et de l'adolescent (Record no. 34265)

MARC details
000 -LEADER
fixed length control field 00723 a2200289 4500
037 ## - SOURCE OF ACQUISITION
Stock number L 7041
037 ## - SOURCE OF ACQUISITION
Stock number 7044
037 ## - SOURCE OF ACQUISITION
Stock number L 5924
020 ## - NUMERO INTERNATIONAL NORMALISE DES LIVRES
International Standard Book Number 2-87009-011-0
100 ## - VEDETTE PRINCIPALE - NOM DE PERSONNE
Personal name Reymond-rivier, Berthe
100 ## - VEDETTE PRINCIPALE - NOM DE PERSONNE
Language of a work Fr
260 ## - PUBLICATION, DISTRIBUTION, ETC. (IMPRINT)
Place of publication, distribution, etc Bruxelles
260 ## - PUBLICATION, DISTRIBUTION, ETC. (IMPRINT)
Name of publisher, distributor, etc P. Mardaga
245 ## - TITLE STATEMENT
Title Le Développement social de l'enfant et de l'adolescent
250 ## - EDITION STATEMENT
Edition statement 11e éd. rev. et aug.
300 ## - PHYSICAL DESCRIPTION
Extent 301 p.
300 ## - PHYSICAL DESCRIPTION
Other physical details 19 cm
440 ## - SERIES STATEMENT/ADDED ENTRY--TITLE
Number of part/section of a work 11
440 ## - SERIES STATEMENT/ADDED ENTRY--TITLE
Title Psychologie et sciences humaines
630 ## - SUBJECT ADDED ENTRY--UNIFORM TITLE
Uniform title 159 - Psychologie
650 ## - SUBJECT ADDED ENTRY--TOPICAL TERM
Topical term or geographic name as entry element 1 - PHILOSOPHIE ET PSYCHOLOGIE
650 ## - SUBJECT ADDED ENTRY--TOPICAL TERM
Topical term or geographic name as entry element Psychologie sociale
650 ## - SUBJECT ADDED ENTRY--TOPICAL TERM
Topical term or geographic name as entry element Psychologie de l'enfant
650 ## - SUBJECT ADDED ENTRY--TOPICAL TERM
Topical term or geographic name as entry element Psychologie de l'adolescent
Holdings
Withdrawn status Lost status Damaged status Not for loan Location (home branch) Sublocation or collection (holding branch) Date acquired Koha issues (times borrowed) Koha full call number Koha date last seen Price effective from Koha item type
        Bibliothèque Universitaire Centrale Bibliothèque Universitaire Centrale 28/02/2009   159.922.7 REY 28/02/2009 28/02/2009 Livre


© 2008, Bibliothèques de l'Université d'Abomey-Calavi

04 BP 789 Cotonou, Tél. : +229 21 36 01 01, Fax : +229 21 35 06 32

Courriel : bu@bu.uac.bj